[Event "Bochumer SV 1 - SV Erkenschwick 1"]
[Site "NRW-Klasse, Stichkampf 2016/2"]
[Date "2017.07.02"]
[Round "1.6"]
[White "Wolter, Detlev"]
[Black "Eggenstein, Frank"]
[Result "1-0"]
[WhiteElo "2211"]
[BlackElo "1976"]
[Annotator "Daniel"]
[PlyCount "83"]
[EventDate "2017.??.??"]
[WhiteTeam "Bochumer SV 1"]
[BlackTeam "SV Erkenschwick 1"]

1. d4 Nf6 2. c4 g6 3. Nf3 Bg7 4. g3 d6 5. Bg2 O-O 6. O-O Nc6 7. d5 Nb8 8. Nc3
c5 9. h3 Na6 10. e4 Nd7 11. Re1 Nc7 12. Bf4 Ne5 13. Nxe5 dxe5 14. Be3 b6 15. f4
Ne8 16. Qc2 Nd6 17. Nb5 Nxb5 18. cxb5 Qd6 19. a4 Bd7 20. Qc4 h5 21. Rf1 Kh7 22.
Bd2 Kg8 23. Rae1 Rac8 24. Bc3 f6 25. Qe2 Ra8 $11 26. Qc4 Rad8 27. h4 Bh6 28. b3
Kh7 29. Qe2 Bg7 30. Kh2 Rh8 31. Bh3 Bxh3 32. Kxh3 Kg8 33. Kh2 Qd7 34. fxe5 fxe5
35. Rf2 Rf8 36. Ref1 Rxf2+ 37. Rxf2 Bf6 38. Qb2 Qd6 39. b4 Kh7 40. bxc5 Qxc5
41. Bb4 Qc4 42. Bxe7 1-0

[Event "Bochumer SV 1 - SV Erkenschwick 1"]
[Site "NRW-Klasse, Stichkampf 2016/2"]
[Date "2017.07.02"]
[Round "1.7"]
[White "Strozewski, Frank"]
[Black "Kiese, Matthias"]
[Result "0-1"]
[WhiteElo "1956"]
[BlackElo "2181"]
[Annotator "Daniel"]
[PlyCount "102"]
[EventDate "2017.??.??"]
[WhiteTeam "SV Erkenschwick 1"]
[BlackTeam "Bochumer SV 1"]

1. c4 e6 2. d4 d5 3. Nc3 Nf6 4. Bf4 Be7 5. e3 O-O 6. Nf3 Nbd7 7. Bd3 c5 8. O-O
dxc4 9. Bxc4 a6 10. Rc1 b5 11. Bd3 Bb7 12. Bb1 Rc8 13. Qe2 cxd4 14. exd4 Nb6
15. Ne4 Nxe4 16. Bxe4 Bxe4 17. Qxe4 Qd5 18. Qxd5 $11 Nxd5 19. Bd2 Bb4 20. Rxc8
Rxc8 21. Rc1 Rxc1+ 22. Bxc1 f6 23. Kf1 Kf7 24. Ng1 h5 25. h4 Ke7 26. Ne2 Bd6
27. Bd2 Kd7 28. a3 Kc6 29. g3 Nb6 30. Bf4 Nc4 31. Bxd6 Kxd6 32. Nf4 Ke7 33. Nd3
g5 34. Ke2 Kd6 35. f4 gxh4 36. gxh4 a5 37. f5 exf5 38. Nf4 Nxb2 39. Nxh5 Nc4
40. Nf4 Nxa3 41. h5 Ke7 42. Nd5+ Kf7 43. Nc7 b4 44. Kd3 b3 45. Kc3 a4 46. h6
Kg6 47. d5 Nc4 48. Nb5 b2 49. Kc2 a3 50. Nc3 f4 51. Kb3 f3 0-1

[Event "Bochumer SV 1 - SV Erkenschwick 1"]
[Site "NRW-Klasse, Stichkampf 2016/2"]
[Date "2017.07.02"]
[Round "1.8"]
[White "Jellinghaus, Lars"]
[Black "De Vreugt, Dennis"]
[Result "0-1"]
[WhiteElo "2109"]
[BlackElo "2417"]
[PlyCount "52"]
[EventDate "2017.??.??"]
[WhiteTeam "Bochumer SV 1"]
[BlackTeam "SV Erkenschwick 1"]

1. d4 Nf6 2. c4 e6 3. Nc3 Bb4 4. e3 b6 5. Nge2 Bb7 6. a3 Be7 7. d5 O-O 8. g3 b5
9. b3 a5 10. Bg2 b4 11. axb4 axb4 12. Na4 exd5 13. cxd5 Ra5 14. e4 Re8 15. Bb2
Bf8 16. f3 Nxd5 17. exd5 Rxd5 18. Qc2 Ba6 19. Bf1 Bd3 20. Qc1 Qe7 21. Kf2 Bxe2
22. Bg2 Na6 23. Re1 Nc5 24. Nxc5 Qxc5+ 25. Qxc5 Bxc5+ 26. Bd4 Bxd4# 0-1

[Event "SV Erkenschwick 1 - Siegener SV 1"]
[Site "NRW-Klasse, Gruppe 2 2016/201"]
[Date "2017.05.21"]
[Round "9.1"]
[White "Richter, Gerald"]
[Black "Jens, Jelmer"]
[Result "0-1"]
[WhiteElo "2038"]
[BlackElo "2413"]
[PlyCount "62"]
[EventDate "2017.??.??"]
[WhiteTeam "Siegener SV 1"]
[BlackTeam "SV Erkenschwick 1"]

1. d4 f5 2. g3 Nf6 3. Bg2 g6 4. Nf3 Bg7 5. c4 O-O 6. Nc3 d6 7. O-O c6 8. d5 e5
9. dxe6 Bxe6 10. b3 Na6 11. Bb2 Qe7 12. Qd2 Rad8 13. Rad1 Rfe8 14. Qc1 d5 15.
cxd5 Nxd5 16. Nxd5 Bxd5 17. Bxg7 Kxg7 18. Rfe1 Nc5 19. h4 Ne4 20. Ng5 Qe5 21.
Nxe4 fxe4 22. e3 Rd6 23. Rd4 Rf6 24. Red1 g5 25. hxg5 Qxg5 26. Qc2 Qf5 27. R1d2
h5 28. Qd1 Re5 29. Kh2 Qg5 30. Qh1 h4 31. gxh4 Rh6 0-1

[Event "SV Erkenschwick 1 - Siegener SV 1"]
[Site "NRW-Klasse, Gruppe 2 2016/201"]
[Date "2017.05.21"]
[Round "9.2"]
[White "Erwich, Marc"]
[Black "Bouillon, Christian"]
[Result "0-1"]
[WhiteElo "2260"]
[BlackElo "2071"]
[PlyCount "96"]
[EventDate "2017.??.??"]
[WhiteTeam "SV Erkenschwick 1"]
[BlackTeam "Siegener SV 1"]

1. e4 e5 2. Nf3 Nc6 3. Bc4 Bc5 4. c3 Nf6 5. d3 d6 6. O-O h6 7. b4 Bb6 8. a4 a5
9. b5 Ne7 10. Nbd2 O-O 11. Re1 Ng6 12. Ba3 Nf4 13. d4 Re8 14. Bf1 exd4 15. cxd4
Bg4 16. h3 Bh5 17. Qb3 Qd7 18. e5 dxe5 19. dxe5 Nh7 20. Qc4 Qf5 21. Qe4 Qxe4
22. Rxe4 Ne6 23. Rc4 Rad8 24. Bb2 Nhg5 25. Ra3 Rd5 26. h4 Nxf3+ 27. Nxf3 Rd1
28. g4 Bg6 29. Ra1 Red8 30. h5 Rxa1 31. Bxa1 Bh7 32. Be2 Bb1 33. Rc1 Be4 34.
Rd1 Bc2 35. Rxd8+ Nxd8 36. Bd4 Bxd4 37. Nxd4 Bxa4 38. f4 c5 39. bxc6 Nxc6 40.
Nxc6 Bxc6 41. Kf2 a4 42. Bd1 Kf8 43. Ke3 Ke7 44. g5 b5 45. Kd4 Bd7 46. Kc3 a3
47. gxh6 gxh6 48. Bb3 Be6 0-1

[Event "SV Erkenschwick 1 - Siegener SV 1"]
[Site "NRW-Klasse, Gruppe 2 2016/201"]
[Date "2017.05.21"]
[Round "9.3"]
[White "Guehne, Otfried"]
[Black "Erwich, Frank"]
[Result "0-1"]
[WhiteElo "1992"]
[BlackElo "2311"]
[PlyCount "64"]
[EventDate "2017.??.??"]
[WhiteTeam "Siegener SV 1"]
[BlackTeam "SV Erkenschwick 1"]

1. e4 e5 2. Bc4 Nf6 3. d3 Nc6 4. Nc3 Na5 5. Nf3 Nxc4 6. dxc4 Bb4 7. Qd3 d6 8.
Bd2 Be6 9. O-O Nd7 10. b3 O-O 11. a3 Nc5 12. Qe3 Bxc3 13. Bxc3 Qe7 14. Ng5 Bc8
15. Rae1 f6 16. Nf3 f5 17. exf5 Bxf5 18. Qd2 Qf7 19. Ng5 Qg6 20. b4 Ne6 21.
Nxe6 Bxe6 22. f4 Bxc4 23. Rf3 Rf7 24. Rg3 Qf5 25. Rg5 Qxf4 26. Qxf4 Rxf4 27.
Rg3 Raf8 28. h3 Rf2 29. Ree3 Rxc2 30. Rgf3 Rxf3 31. Rxf3 Bd5 32. Rg3 Bxg2 0-1

[Event "SV Erkenschwick 1 - Siegener SV 1"]
[Site "NRW-Klasse, Gruppe 2 2016/201"]
[Date "2017.05.21"]
[Round "9.4"]
[White "Langers, Alexander"]
[Black "Lindner, Torsten"]
[Result "1-0"]
[WhiteElo "2163"]
[BlackElo "1880"]
[PlyCount "23"]
[EventDate "2017.??.??"]
[WhiteTeam "SV Erkenschwick 1"]
[BlackTeam "Siegener SV 1"]

1. e4 e5 2. Nf3 Nc6 3. Nc3 d6 4. d4 Bg4 5. Bb5 exd4 6. Qxd4 Bd7 7. Bxc6 Bxc6 8.
O-O Nf6 9. Re1 Nd7 10. e5 d5 11. e6 Nf6 12. Ng5 1-0

[Event "SV Erkenschwick 1 - Siegener SV 1"]
[Site "NRW-Klasse, Gruppe 2 2016/201"]
[Date "2017.05.21"]
[Round "9.5"]
[White "Besser, Axel"]
[Black "Homs, Guust"]
[Result "0-1"]
[WhiteElo "1879"]
[BlackElo "2170"]
[PlyCount "76"]
[EventDate "2017.??.??"]
[WhiteTeam "Siegener SV 1"]
[BlackTeam "SV Erkenschwick 1"]

1. d4 d5 2. Nf3 Nf6 3. g3 Bf5 4. Bg2 e6 5. O-O h6 6. c4 c6 7. cxd5 exd5 8. Qb3
Qb6 9. Qe3+ Be7 10. Nc3 Qd8 11. Qf4 Bh7 12. Ne5 O-O 13. g4 Na6 14. a3 Nc7 15.
Qd2 Bd6 16. h3 Ne6 17. f4 Qb6 18. e3 Rad8 19. Kh1 Rfe8 20. b4 a6 21. Bb2 Qc7
22. Rac1 Qe7 23. Qf2 Nd7 24. Nxd7 Rxd7 25. Rcd1 Bb8 26. Bc1 Qd6 27. e4 dxe4 28.
Bxe4 Bxe4+ 29. Nxe4 Qd5 30. Qg2 Nxd4 31. Rfe1 Rde7 32. Nf6+ gxf6 33. Rxe7 Rxe7
34. Qxd5 cxd5 35. Bb2 Nc6 36. Bxf6 Rd7 37. f5 Be5 38. Bh4 f6 0-1

[Event "SV Erkenschwick 1 - Siegener SV 1"]
[Site "NRW-Klasse, Gruppe 2 2016/201"]
[Date "2017.05.21"]
[Round "9.6"]
[White "Krings, Christoph"]
[Black "Besser, Jochen"]
[Result "1/2-1/2"]
[WhiteElo "2175"]
[BlackElo "1865"]
[PlyCount "44"]
[EventDate "2017.??.??"]
[WhiteTeam "SV Erkenschwick 1"]
[BlackTeam "Siegener SV 1"]

1. d4 g6 2. Nf3 Bg7 3. c4 c5 4. d5 d6 5. h3 Nd7 6. Nc3 Bxc3+ 7. bxc3 Qa5 8. Qc2
f5 9. e3 Ngf6 10. Bd3 Nb6 11. O-O Qa4 12. Nd2 Bd7 13. Rb1 Qxc2 14. Bxc2 O-O-O
15. f3 e5 16. Bd3 Rhe8 17. e4 f4 18. Nb3 Kc7 19. Bd2 Rb8 20. Rfc1 g5 21. Be1 h5
22. Nd2 Rg8 1/2-1/2

[Event "SV Erkenschwick 1 - Siegener SV 1"]
[Site "NRW-Klasse, Gruppe 2 2016/201"]
[Date "2017.05.21"]
[Round "9.7"]
[White "Wallasch, Thomas"]
[Black "Eggenstein, Frank"]
[Result "1/2-1/2"]
[WhiteElo "1829"]
[BlackElo "2004"]
[PlyCount "66"]
[EventDate "2017.??.??"]
[WhiteTeam "Siegener SV 1"]
[BlackTeam "SV Erkenschwick 1"]

1. d4 Nf6 2. c4 g6 3. Nc3 Bg7 4. e4 d6 5. f3 O-O 6. Be3 e5 7. d5 Ne8 8. Bd3 f5
9. Bc2 Nf6 10. Nge2 Rf7 11. Qd2 Bf8 12. O-O-O a6 13. exf5 gxf5 14. h3 b5 15. g4
b4 16. Na4 f4 17. Bf2 a5 18. b3 Nbd7 19. h4 Be7 20. h5 Ne8 21. Kb1 Rb8 22. Rdg1
Kh8 23. Nc1 Bg5 24. Nd3 Nef6 25. Qe1 h6 26. Bh4 Nh7 27. Bf2 Bf6 28. Qe2 Ndf8
29. Be1 Ng5 30. Nf2 Bd7 31. Nb2 Rg7 32. Nbd3 Nfh7 33. Ne4 Qe7 1/2-1/2

[Event "SV Erkenschwick 1 - Siegener SV 1"]
[Site "NRW-Klasse, Gruppe 2 2016/201"]
[Date "2017.05.21"]
[Round "9.8"]
[White "Strozewski, Frank"]
[Black "Pramann, Juergen"]
[Result "1-0"]
[WhiteElo "1952"]
[BlackElo "1701"]
[PlyCount "51"]
[EventDate "2017.??.??"]
[WhiteTeam "SV Erkenschwick 1"]
[BlackTeam "Siegener SV 1"]

1. c4 g6 2. d4 Bg7 3. e4 d6 4. Nc3 Nf6 5. Be2 c5 6. d5 Nbd7 7. h3 O-O 8. g4 Nb6
9. Be3 e6 10. g5 Nfd7 11. f4 e5 12. f5 f6 13. fxg6 hxg6 14. h4 f5 15. b3 f4 16.
Bf2 Kf7 17. Nb5 Ke7 18. a4 a6 19. Nc3 Rb8 20. h5 Rh8 21. Bg4 Nf8 22. h6 Kf7 23.
Bh4 Bxh6 24. gxh6 g5 25. Bf2 Ng6 26. Bf5 1-0

[Event "SG Bochum 2 - SF Gerresheim 1"]
[Site "NRW-Klasse, Gruppe 2 2016/201"]
[Date "2017.05.21"]
[Round "9.1"]
[White "Orlov, Andrey"]
[Black "Tkachuk, Konstantyn"]
[Result "1/2-1/2"]
[WhiteElo "2455"]
[BlackElo "2275"]
[Annotator "Daniel"]
[PlyCount "46"]
[EventDate "2017.??.??"]
[WhiteTeam "SF Gerresheim 1"]
[BlackTeam "SG Bochum 2"]

1. e4 c5 2. Nf3 d6 3. g3 Nc6 4. Bg2 g6 5. O-O Bg7 6. c3 e5 7. Na3 Nge7 8. d4
exd4 9. cxd4 Nxd4 10. Nxd4 cxd4 $11 11. b3 Be6 12. Bb2 Qb6 13. Rc1 O-O 14. Nc4
Bxc4 15. Rxc4 Nc6 16. Qd2 Rac8 17. Rd1 Rfe8 18. h3 Rc7 19. Rdc1 Rce7 20. Qd1
Qa5 21. Ra4 Qb5 22. Rac4 Qa5 23. Ra4 Qb5 1/2-1/2

[Event "SG Bochum 2 - SF Gerresheim 1"]
[Site "NRW-Klasse, Gruppe 2 2016/201"]
[Date "2017.05.21"]
[Round "9.2"]
[White "Rempe, Moritz"]
[Black "Stets, Dmitry"]
[Result "0-1"]
[WhiteElo "2011"]
[BlackElo "2400"]
[PlyCount "84"]
[EventDate "2017.??.??"]
[WhiteTeam "SG Bochum 2"]
[BlackTeam "SF Gerresheim 1"]

1. e4 c5 2. Nf3 d6 3. d4 Nf6 4. Nc3 cxd4 5. Nxd4 g6 6. Be2 Bg7 7. Be3 Nc6 8.
O-O O-O 9. Re1 d5 10. exd5 Nb4 11. Bf3 Nbxd5 12. Ndb5 Nxe3 13. Rxe3 Bd7 14. Nd4
Rb8 15. Nb3 e6 16. Rd3 Qc7 17. Qd2 Rfc8 18. Rc1 b5 19. Ne2 e5 20. Ng3 Be6 21.
Rc3 Qb6 22. Rxc8+ Rxc8 23. c3 Qa6 24. Bd1 h5 25. Bc2 Qxa2 26. Na1 Qxb2 27. Rb1
Qxc3 28. Qxc3 Rxc3 29. Rxb5 Ra3 30. Nb3 h4 31. Nf1 Ra2 32. Ne3 Bh6 33. Nc1 Ra1
34. Rb1 Rxb1 35. Bxb1 Nd5 36. Nxd5 Bxd5 37. Ne2 Bd2 38. f3 Bb3 39. g3 a5 40. f4
hxg3 41. hxg3 exf4 42. Nd4 Be3+ 0-1

[Event "SG Bochum 2 - SF Gerresheim 1"]
[Site "NRW-Klasse, Gruppe 2 2016/201"]
[Date "2017.05.21"]
[Round "9.3"]
[White "Orzech, Dominik"]
[Black "Tkachuk, Sergij"]
[Result "1-0"]
[WhiteElo "2407"]
[BlackElo "2116"]
[PlyCount "183"]
[EventDate "2017.??.??"]
[WhiteTeam "SF Gerresheim 1"]
[BlackTeam "SG Bochum 2"]

1. Nf3 Nf6 2. c4 g6 3. d4 Bg7 4. g3 O-O 5. Bg2 d6 6. O-O c6 7. Nc3 Qc7 8. e4 e5
9. h3 a5 10. Be3 Na6 11. Re1 Be6 12. b3 Rad8 13. Rc1 Bc8 14. Qc2 Ne8 15. Rcd1
f5 16. Bg5 Rd7 17. dxe5 dxe5 18. Rxd7 Bxd7 19. Be7 Rf7 20. Ba3 Nb4 21. Qd2 h6
22. Nh4 Kh7 23. Na4 Bf8 24. c5 Na6 25. exf5 gxf5 26. Bb2 Bg7 27. Bc3 e4 28.
Bxa5 Qe5 29. g4 Nxc5 30. Nxf5 Bxf5 31. Nxc5 Qxc5 32. gxf5 Nf6 33. Qb4 Qxf5 34.
Bxe4 Nxe4 35. Qxe4 Qxe4 36. Rxe4 Kg6 37. Bb6 Kf5 38. Re2 Rd7 39. Kg2 Be5 40.
Kf3 Rd1 41. Kg2 h5 42. Rc2 Ke6 43. Be3 Ra1 44. Bh6 Re1 45. Rc4 Bf6 46. a4 Re5
47. Be3 Be7 48. Kf3 Rd5 49. Re4+ Kf7 50. Ke2 c5 51. Rc4 Ke6 52. Rc1 Kf7 53. Rd1
Rxd1 54. Kxd1 Ke6 55. Kd2 Kd5 56. Kd3 Bf6 57. Bh6 Bb2 58. f4 Bh8 59. Bg5 Bg7
60. Be7 Bh8 61. a5 Bb2 62. f5 Bc1 63. f6 Bg5 64. Bd8 Bh6 65. h4 Bf4 66. Be7 Ke6
67. Bxc5 Bg3 68. b4 Bxh4 69. b5 Bg3 70. Bd4 h4 71. Ke2 h3 72. Kf3 h2 73. Kg2
Bc7 74. a6 bxa6 75. bxa6 Bb8 76. Kh1 Kf7 77. Be5 Bxe5 78. a7 Kxf6 79. a8=Q Kf5
80. Kg2 Bf4 81. Qd5+ Be5 82. Kf2 Kf4 83. Qf3+ Kg5 84. Ke3 Kg6 85. Ke4 Bb8 86.
Kd5 Bf4 87. Qg4+ Kh7 88. Qg2 Kh6 89. Ke6 Bc7 90. Kf5 Kh7 91. Kf6 Bd8+ 92. Kf7
1-0

[Event "SG Bochum 2 - SF Gerresheim 1"]
[Site "NRW-Klasse, Gruppe 2 2016/201"]
[Date "2017.05.21"]
[Round "9.4"]
[White "Mazarov, Juergen"]
[Black "Bogdanov, Egor"]
[Result "0-1"]
[WhiteElo "2074"]
[BlackElo "2309"]
[PlyCount "76"]
[EventDate "2017.??.??"]
[WhiteTeam "SG Bochum 2"]
[BlackTeam "SF Gerresheim 1"]

1. e4 c5 2. Nf3 d6 3. d4 cxd4 4. Nxd4 Nf6 5. Nc3 g6 6. Be3 Bg7 7. f3 O-O 8. Qd2
Nc6 9. g4 Be6 10. O-O-O Rc8 11. h4 Qa5 12. Nxe6 fxe6 13. Bc4 d5 14. exd5 Ne5
15. Be2 Rfd8 16. Kb1 exd5 17. Nb5 Qxd2 18. Rxd2 a6 19. Nd4 Kf7 20. c3 Nc4 21.
Bxc4 dxc4 22. Rhd1 Rd7 23. Nc2 Rcd8 24. Kc1 Rxd2 25. Rxd2 Rxd2 26. Kxd2 Nd5 27.
Bd4 e5 28. Bf2 Bh6+ 29. g5 Bf8 30. Bg3 Ke6 31. Ne3 Bc5 32. Ng2 Kf5 33. Ke2 a5
34. Kd2 a4 35. Kc2 e4 36. fxe4+ Kxe4 37. Ne1 Ne3+ 38. Kc1 Nf5 0-1

[Event "SG Bochum 2 - SF Gerresheim 1"]
[Site "NRW-Klasse, Gruppe 2 2016/201"]
[Date "2017.05.21"]
[Round "9.6"]
[White "Fistoul, Boris"]
[Black "Volkov, Mykyta"]
[Result "1/2-1/2"]
[WhiteElo "1977"]
[BlackElo "2172"]
[PlyCount "111"]
[EventDate "2017.??.??"]
[WhiteTeam "SG Bochum 2"]
[BlackTeam "SF Gerresheim 1"]

1. d4 e6 2. c4 Nf6 3. Nc3 Bb4 4. f3 O-O 5. e4 d5 6. e5 Nfd7 7. a3 Bxc3+ 8. bxc3
f6 9. exf6 Nxf6 10. cxd5 exd5 11. Bd3 b6 12. Ne2 Ba6 13. O-O Bxd3 14. Qxd3 Nc6
15. Bg5 Na5 16. Rfe1 Qd6 17. Ng3 Rae8 18. Nf5 Qd7 19. Rxe8 Nxe8 20. g4 Nd6 21.
Ne7+ Kh8 22. Re1 Re8 23. Bh4 Nac4 24. Re2 c6 25. a4 a5 26. h3 b5 27. axb5 Nxb5
28. f4 Nbd6 29. f5 Ne4 30. f6 Nxf6 31. Bxf6 gxf6 32. Qf3 Rf8 33. Nf5 Nd6 34.
Re7 Qd8 35. Ra7 Qb6 36. Rd7 Qb1+ 37. Kh2 Qc2+ 38. Kg1 Qb1+ 39. Kh2 Qc2+ 40. Kg1
Nxf5 41. Qxf5 Qxf5 42. gxf5 Ra8 43. Rb7 a4 44. Rb2 a3 45. Ra2 Kg7 46. h4 Kf7
47. Kf2 Ke7 48. Ke3 Kd6 49. Kd3 c5 50. Kc2 Kc6 51. Kb1 cxd4 52. cxd4 Kb5 53.
Rc2 Kb4 54. Rc5 Ra5 55. Rc6 Ra7 56. Rc5 1/2-1/2

[Event "SG Bochum 2 - SF Gerresheim 1"]
[Site "NRW-Klasse, Gruppe 2 2016/201"]
[Date "2017.05.21"]
[Round "9.7"]
[White "Liedmann, Dennis"]
[Black "Pilat, Fabian"]
[Result "0-1"]
[WhiteElo "1995"]
[BlackElo "1951"]
[PlyCount "94"]
[EventDate "2017.??.??"]
[WhiteTeam "SF Gerresheim 1"]
[BlackTeam "SG Bochum 2"]

1. d4 d5 2. Nf3 Nf6 3. e3 e6 4. Bd3 Bd6 5. O-O Nbd7 6. b3 Ne4 7. Nfd2 O-O 8. c4
c6 9. Nxe4 dxe4 10. Bxe4 Bxh2+ 11. Kxh2 Qh4+ 12. Kg1 Qxe4 13. Ba3 Rd8 14. Be7
Re8 15. Nc3 Qg6 16. Bh4 Nf6 17. Bxf6 Qxf6 18. f4 b6 19. Qf3 Bb7 20. c5 Red8 21.
g4 bxc5 22. Ne4 Qe7 23. Nxc5 Rd5 24. Rac1 Rad8 25. Rc4 Bc8 26. Rf2 f6 27. Nd3
Ba6 28. Nb4 Bxc4 29. Nxc6 Qd7 30. Nxd8 Ba6 31. Qe4 Rd6 32. Rh2 f5 33. Qh1 Qc7
34. Nxe6 Qc1+ 35. Kf2 Qd2+ 36. Kg3 Qxe3+ 37. Kh4 Qxe6 38. Qa8+ Bc8 39. Re2 Qxe2
40. Qxc8+ Kf7 41. Qxf5+ Rf6 42. Qh5+ Kf8 43. Qc5+ Qe7 44. Qc8+ Qe8 45. Qc5+ Kg8
46. Qd5+ Kh8 47. Qf3 Rh6+ 0-1

[Event "SG Bochum 2 - SF Gerresheim 1"]
[Site "NRW-Klasse, Gruppe 2 2016/201"]
[Date "2017.05.21"]
[Round "9.8"]
[White "Pilat, Daniel"]
[Black "Koehler, Markus"]
[Result "1-0"]
[WhiteElo "2128"]
[BlackElo "2057"]
[PlyCount "39"]
[EventDate "2017.??.??"]
[WhiteTeam "SG Bochum 2"]
[BlackTeam "SF Gerresheim 1"]

1. e4 c5 2. Nc3 g6 3. Bc4 Nc6 4. d3 Na5 5. Bb3 Bg7 6. f4 Nxb3 7. axb3 d6 8. Nf3
Nf6 9. O-O e6 10. Qe1 O-O 11. Qh4 Bd7 12. f5 Nh5 13. Bg5 Bf6 14. g4 Bxg5 15.
Nxg5 h6 16. f6 hxg5 17. Qxg5 Ng7 18. Qh6 Ne8 19. g5 d5 20. Rf4 1-0

[Event "SV Kamen 1 - SG Niederkassel 1"]
[Site "NRW-Klasse, Gruppe 2 2016/201"]
[Date "2017.05.21"]
[Round "9.1"]
[White "Schienmann, Bruno"]
[Black "Weidemann, Christian"]
[Result "1-0"]
[WhiteElo "2263"]
[BlackElo "2278"]
[PlyCount "85"]
[EventDate "2017.??.??"]
[WhiteTeam "SG Niederkassel 1"]
[BlackTeam "SV Kamen 1"]

1. d4 d5 2. c4 c6 3. cxd5 cxd5 4. Nc3 e5 5. Nf3 e4 6. Nd2 Nf6 7. e3 Nc6 8. f3
Bf5 9. Bb5 Bd6 10. fxe4 Bxe4 11. Ndxe4 Nxe4 12. Nxe4 dxe4 13. O-O O-O 14. g3
Qg5 15. Qe2 h5 16. Kh1 Ne7 17. Bd7 f5 18. Bd2 Rf6 19. d5 Ng6 20. Be6+ Kh8 21.
Bc3 Ne5 22. Rf4 Raf8 23. Raf1 a6 24. b3 Kh7 25. Qg2 Kh6 26. Bd4 Qg6 27. Qd2
Rxe6 28. dxe6 Qxe6 29. Bxe5 Qxe5 30. Rd1 Rf6 31. Rf2 Bc7 32. Qd7 Bb6 33. Rd5
Qa1+ 34. Kg2 Bxe3 35. Rfxf5 g6 36. Rxf6 Qxf6 37. Rd1 h4 38. Rf1 Qb2+ 39. Kh3
hxg3 40. Kxg3 Qe2 41. Qd1 Qxa2 42. Qd8 Qe2 43. Qh8+ 1-0

[Event "SV Kamen 1 - SG Niederkassel 1"]
[Site "NRW-Klasse, Gruppe 2 2016/201"]
[Date "2017.05.21"]
[Round "9.2"]
[White "Himmel, Hansjoerg"]
[Black "Wigger, Jochen"]
[Result "1/2-1/2"]
[WhiteElo "2205"]
[BlackElo "2246"]
[PlyCount "127"]
[EventDate "2017.??.??"]
[WhiteTeam "SV Kamen 1"]
[BlackTeam "SG Niederkassel 1"]

1. e4 c6 2. d4 d5 3. e5 Bf5 4. Nf3 e6 5. Be2 Nd7 6. O-O Bg6 7. Nbd2 Nh6 8. Re1
Nf5 9. Nf1 Be7 10. h3 Qb6 11. a4 O-O 12. c3 a5 13. N1h2 Nh4 14. Nxh4 Bxh4 15.
Rf1 c5 16. Bb5 Rfd8 17. dxc5 Nxc5 18. Be3 Qc7 19. f4 Be7 20. Nf3 Ne4 21. Qe1
Bc5 22. Bd4 Rac8 23. Rd1 Qe7 24. Kh2 Bxd4 25. Nxd4 Nc5 26. Qg3 Be4 27. Rde1 f5
28. exf6 Qxf6 29. Qe3 Rf8 30. Rd1 Rf7 31. Rd2 Rcf8 32. Ne2 Qe7 33. Ng3 Bg6 34.
Re2 Qd6 35. Ref2 b6 36. Kg1 Ne4 37. Nxe4 Bxe4 38. Be2 Rf6 39. Bd1 h6 40. Be2
Qc6 41. Qd4 Qc7 42. Bg4 Qc5 43. Be2 Kf7 44. Qe5 Rf5 45. b4 Qe3 46. Qc7+ Kg8 47.
Kh2 e5 48. Bg4 Rxf4 49. Re2 Qd3 50. Rfe1 axb4 51. Re3 Qc2 52. R1e2 Qc1 53. Rg3
g5 54. Be6+ Kh8 55. Qxe5+ Kh7 56. cxb4 Qf1 57. Rxe4 Rxe4 58. Qc7+ Kh8 59. Bxd5
Qf4 60. Qxb6 Rf6 61. Qd8+ Rf8 62. Qb6 Rf6 63. Qd8+ Rf8 64. Qb6 1/2-1/2

[Event "SV Kamen 1 - SG Niederkassel 1"]
[Site "NRW-Klasse, Gruppe 2 2016/201"]
[Date "2017.05.21"]
[Round "9.3"]
[White "Rybarczyk, Klaus"]
[Black "Luetke, Jens"]
[Result "0-1"]
[WhiteElo "2149"]
[BlackElo "2171"]
[PlyCount "132"]
[EventDate "2017.??.??"]
[WhiteTeam "SG Niederkassel 1"]
[BlackTeam "SV Kamen 1"]

1. Nf3 c5 2. e4 e6 3. d4 cxd4 4. Nxd4 Nf6 5. Bd3 Nc6 6. Nxc6 dxc6 7. O-O e5 8.
Nd2 Bc5 9. Nc4 Qe7 10. a3 a6 11. Bd2 b5 12. Na5 Qc7 13. b4 Bb6 14. c4 Be6 15.
Qc2 Rd8 16. Bg5 Bxa5 17. bxa5 Rxd3 18. Qxd3 Bxc4 19. Qf3 Bxf1 20. Bxf6 Bxg2 21.
Qxg2 gxf6 22. Qg7 Rf8 23. Qxf6 Rg8+ 24. Kh1 Rg6 25. Qh8+ Ke7 26. Rd1 h6 27. Qa8
c5 28. Qd5 c4 29. Qd2 c3 30. Qc2 Rd6 31. Rc1 Rd2 32. Qb3 c2 33. Qb4+ Qd6 34.
Kg2 Rd4 35. Qxd6+ Kxd6 36. Rxc2 Rxe4 37. Rc8 Ra4 38. Rh8 Rxa5 39. Rxh6+ Ke7 40.
Rh3 Ra4 41. Rc3 f5 42. f3 Kf6 43. Kg3 Kg5 44. Rd3 f4+ 45. Kh3 Rd4 46. Rb3 Kf5
47. Rc3 Rc4 48. Rd3 Rc2 49. Rd8 Rf2 50. Rd3 a5 51. Rb3 a4 52. Rc3 Rb2 53. Rc8
Rb3 54. Rf8+ Kg5 55. Rg8+ Kh5 56. Rh8+ Kg6 57. Kg4 Rxa3 58. Rb8 Rb3 59. Rb6+
Kf7 60. h4 a3 61. Ra6 b4 62. h5 Rb2 63. Kf5 Rh2 64. Ra7+ Ke8 65. Kg6 a2 66. h6
b3 0-1

[Event "SV Kamen 1 - SG Niederkassel 1"]
[Site "NRW-Klasse, Gruppe 2 2016/201"]
[Date "2017.05.21"]
[Round "9.4"]
[White "Georg, Heinz"]
[Black "Stanetzek, Carsten"]
[Result "1/2-1/2"]
[WhiteElo "2084"]
[BlackElo "2162"]
[PlyCount "67"]
[EventDate "2017.??.??"]
[WhiteTeam "SV Kamen 1"]
[BlackTeam "SG Niederkassel 1"]

1. f4 d5 2. Nf3 g6 3. g3 Bg7 4. Bg2 Nh6 5. d3 d4 6. Na3 O-O 7. O-O c5 8. Nc4
Qc7 9. a4 Nf5 10. Bd2 Nc6 11. c3 Be6 12. Nfe5 Nxe5 13. Nxe5 Rad8 14. c4 a5 15.
Qe1 b6 16. g4 Nd6 17. Qg3 f6 18. Nf3 f5 19. Ng5 Bf7 20. Bd5 Bxd5 21. cxd5 Qb7
22. Ne6 Qxd5 23. Nxd8 Rxd8 24. Qf3 Qxf3 25. exf3 Kf7 26. Rfe1 Ne8 27. gxf5 gxf5
28. Re2 Nc7 29. Rae1 Bf6 30. Rg2 Nd5 31. Ree2 Bh4 32. Re5 e6 33. b3 Bf6 34. Re1
1/2-1/2

[Event "SV Kamen 1 - SG Niederkassel 1"]
[Site "NRW-Klasse, Gruppe 2 2016/201"]
[Date "2017.05.21"]
[Round "9.5"]
[White "Broehl, Stephan"]
[Black "Kleinegger, Frank"]
[Result "1-0"]
[WhiteElo "2113"]
[BlackElo "2099"]
[PlyCount "69"]
[EventDate "2017.??.??"]
[WhiteTeam "SG Niederkassel 1"]
[BlackTeam "SV Kamen 1"]

1. e4 c6 2. d4 d5 3. e5 Bf5 4. c4 e6 5. Nc3 Nd7 6. cxd5 cxd5 7. a3 a6 8. Bd3
Bg6 9. Nge2 Ne7 10. h4 Nc6 11. h5 Bxd3 12. Qxd3 h6 13. f4 Nb6 14. f5 Qd7 15.
fxe6 fxe6 16. Qg6+ Qf7 17. Qxf7+ Kxf7 18. O-O+ Ke8 19. Nf4 Nd8 20. b3 Rc8 21.
Bd2 Be7 22. Nce2 Na8 23. Ng6 Rg8 24. Nef4 Rc2 25. Rf2 Bg5 26. Bb4 Rxf2 27. Kxf2
Bxf4 28. Nxf4 Kd7 29. Ng6 Nc7 30. Rc1 Nc6 31. Bc5 Rc8 32. a4 Nd8 33. Bd6 Nc6
34. Ke3 Re8 35. Bf8 1-0

[Event "SV Kamen 1 - SG Niederkassel 1"]
[Site "NRW-Klasse, Gruppe 2 2016/201"]
[Date "2017.05.21"]
[Round "9.6"]
[White "Kilian, Ralf"]
[Black "Riedel, Holger"]
[Result "1-0"]
[WhiteElo "2126"]
[BlackElo "2071"]
[PlyCount "83"]
[EventDate "2017.??.??"]
[WhiteTeam "SV Kamen 1"]
[BlackTeam "SG Niederkassel 1"]

1. d4 e6 2. e4 d5 3. Nc3 Nf6 4. Bg5 Bb4 5. exd5 Bxc3+ 6. bxc3 Qxd5 7. Bxf6 gxf6
8. Nf3 Bd7 9. Qd2 Bc6 10. Be2 Nd7 11. c4 Qe4 12. O-O-O O-O-O 13. Rhe1 Ne5 14.
Nxe5 fxe5 15. Bh5 Qxd4 16. Qxd4 exd4 17. Bxf7 Bxg2 18. Bxe6+ Kb8 19. f4 c5 20.
Re5 Rhf8 21. f5 b6 22. Rg1 Bc6 23. Rg7 d3 24. Bd5 Bxd5 25. cxd5 dxc2 26. Kxc2
h5 27. Kd3 b5 28. Ke4 b4 29. Kd3 Rd6 30. Kc4 Ra6 31. Rg2 Rc8 32. d6 Rxd6 33.
Rxc5 Re8 34. Kxb4 Re4+ 35. Rc4 Rb6+ 36. Kc3 Re1 37. Rb2 Re3+ 38. Kd4 Rxb2 39.
Kxe3 Rxa2 40. f6 Ra6 41. f7 Rf6 42. Rf4 1-0

[Event "SV Kamen 1 - SG Niederkassel 1"]
[Site "NRW-Klasse, Gruppe 2 2016/201"]
[Date "2017.05.21"]
[Round "9.7"]
[White "Freundlieb, Thomas"]
[Black "Rumpf, Thomas"]
[Result "1/2-1/2"]
[WhiteElo "1958"]
[BlackElo "2007"]
[PlyCount "49"]
[EventDate "2017.??.??"]
[WhiteTeam "SG Niederkassel 1"]
[BlackTeam "SV Kamen 1"]

1. d4 Nf6 2. Bf4 g6 3. e3 Bg7 4. h3 O-O 5. Nf3 d6 6. Be2 c5 7. c3 Nc6 8. O-O
cxd4 9. exd4 Nd5 10. Bh2 e5 11. Na3 Re8 12. Bc4 Nb6 13. Bb3 Bf5 14. dxe5 dxe5
15. Qxd8 Raxd8 16. Rfd1 Rxd1+ 17. Rxd1 Na5 18. Nb5 Nxb3 19. axb3 Bc2 20. Re1
Bxb3 21. Bxe5 Nc4 22. Bxg7 Rxe1+ 23. Nxe1 Kxg7 24. Nd4 Bd1 25. Nd3 1/2-1/2